| 000 | 00527nam a22001817a 4500 | ||
|---|---|---|---|
| 003 | CEME | ||
| 005 | 20210628205955.0 | ||
| 008 | 210209b xxu||||| |||| 00| 0 eng d | ||
| 020 | _a0-691-02312-3 | ||
| 040 | _c. | ||
| 082 | _a355.0217 GLA | ||
| 100 |
_aGlaser, Charles.L _948762 |
||
| 245 | _aAnalyzing strategic nuclear policy | ||
| 260 |
_aLAHORE _bARMY EDUCATION PRESS _c2000 |
||
| 300 | _a378P | ||
| 650 |
_aUNITED STATE-MILITARY POLICY NUCLEAR WARFARE DETERRENCE-STRATEGY NUCLEAR POLICY-US _977724 |
||
| 942 |
_cBK _2ddc |
||
| 999 |
_c582940 _d582940 |
||